00859nam a2200229 a 4500001001000000003000500010005001700015008004100032010001100073011001100084040000900095100003300104245016500137260004100302500006000343502006900403650001700472650001900489650002800508650002300536856007000559000111086CHAP20220329144157.0141202s2014 mx fsm |||||||spa d a107548 a108520 cCHAP1 aGarcía Hernández, Daniel10aDiagnóstico de la situación actual del mezquite (Prosopis laevigata) en la Sierra baja del Estado de Hidalgoh[En línea]cpor Daniel García Hernández. aChapingo, Méx. :bEl autor,c2014. aPara ver el contenido del material haga clic en la liga aTesis (Ing. Forestal) -- UACH. División de Ciencias Forestales14aAserraderos.14aCarpintería.14aMadera para industrias.14aMezquitezHidalgo. aFinding aiduhttp://10.13.5.2/tesis/sist111086.pdfzTeclea aquí